Les jeux de sociétés les plus vendus de l'histoire. - Statistiques

Statistiques générales
  • Ce quiz a été pris 159 fois
  • Le résultat moyen est 4 sur 10
Statistiques - réponses
Hint Réponse % Correct
275M Monopoly
99%
150M Uno
75%
120M Cluedo
47%
210M Scrabble
32%
57M Risk
27%
100M Trivial Poursuit
23%
54M Puissance 4
22%
80M Bataille navale
14%
65M Pictionnary
13%
60M Destins
5%
Aucun quiz correspondant
Distribution des résultats
% des personnes avec chaque résultat
Percentile par nombre de réponses
Votre historique - résultats
Vous n’avez pas pris ce quiz